000 00595nam a2200205Ia 4500
003 OSt
005 20230405104932.0
008 210423s2007 xx 000 0 und d
020 _a8130907313
040 _cAL
041 _aeng
082 _a809.935 BLOH
100 _aBLOOM (Harold),Ed.
_983146
245 _aViva blooms notes Zora Neale Hurstons their eyes were watching god.
260 _aNew Delhi
_bViva Books Pvt Ltd
_c2007
300 _a81
_bPB
365 _b70
_cINR
906 _ablooms ; eyes ; god. ; Hurstons ; Neale ; notes ; Viva ; watching ; were ; Zora
942 _2ddc
_cBK
999 _c158095
_d158095